Five point someone : (Record no. 2582)

MARC details
000 -LEADER
fixed length control field 00412nam a2200145 4500
001 - CONTROL NUMBER
control field 3197
005 - DATE AND TIME OF LATEST TRANSACTION
control field 20181127170745.0
008 - FIXED-LENGTH DATA ELEMENTS--GENERAL INFORMATION
fixed length control field 040824s2004 ii 000 1 eng
010 ## - LIBRARY OF CONGRESS CONTROL NUMBER
LC control number 2004311249
020 ## - INTERNATIONAL STANDARD BOOK NUMBER
International Standard Book Number 9788129104595
100 1# - MAIN ENTRY--PERSONAL NAME
Personal name Bhagat, Chetan.
245 10 - TITLE STATEMENT
Title Five point someone :
Remainder of title what not to do at IIT, a novel /
Statement of responsibility, etc. by Chetan Bhagat.
260 ## - PUBLICATION, DISTRIBUTION, ETC.
Place of publication, distribution, etc. New Delhi :
Name of publisher, distributor, etc. Rupa & Co.,
Date of publication, distribution, etc. 2011.
300 ## - PHYSICAL DESCRIPTION
Extent 267 p. ;
Dimensions 23 cm.
Holdings
Withdrawn status Lost status Source of classification or shelving scheme Damaged status Not for loan Collection code Home library Current library Shelving location Date acquired Serial Enumeration / chronology Inventory number Total Checkouts Full call number Barcode Date last seen Date last checked out Price effective from Koha item type
    Dewey Decimal Classification     Fiction RTC Library RTC Library Fiction 01/03/2021 5623 1 FIC 813.54 BHA 30000703 03/01/2022 18/12/2020 27/11/2018 Fiction
Royal Thimphu College || All Right Reserved